[Event "FIDE WRBTC Blitz-Pool 2024"]
[Site "Astana"]
[Date "2024.08.05"]
[Round "3.6"]
[White "Shah Mihir"]
[Black "Galymzhanuly, Ibragim"]
[Result "1-0"]
[WhiteElo "1801"]
[BlackElo "1929"]
[Annotator "ChessBase"]
[PlyCount "143"]
[EventDate "2024.08.01"]
[EventType "team-tourn"]
[EventCountry "KAZ"]
[SourceTitle "playchess.com"]
[Source "ChessBase"]
[SourceQuality "1"]

1. e4 d5 2. exd5 Nf6 3. Nc3 Nxd5 4. Bc4 c6 5. Qf3 e6 6. Nge2 Nd7 7. d4 Be7 8. O-O O-O 9. Ne4 N7f6 10. c3 b6 11. Bd3 Bb7 12. Qh3 Nxe4 13. Bxe4 Nf6 14. Bc2 Re8 15. Bg5 g6 16. Rfe1 Nh5 17. Bxe7 Qxe7 18. Bb3 Qg5 19. Qe3 Qxe3 20. fxe3 c5 21. a4 Rac8 22. Kf2 Nf6 23. Ng3 h5 24. Nf1 e5 25. a5 cxd4 26. exd4 exd4 27. axb6 axb6 28. cxd4 Rxe1 29. Rxe1 Kf8 30. g3 Rd8 31. Rd1 Ng4+ 32. Ke2 Rd6 33. h3 Nf6 34. Ne3 Ne4 35. g4 h4 36. d5 b5 37. Kf3 Ng5+ 38. Kg2 Ne4 39. Kf3 Nc5 40. Bc2 Nd7 41. g5 Nc5 42. Kg4 Ra6 43. Kxh4 Ra2 44. Rb1 b4 45. Bd1 b3 46. Kg3 Ke7 47. h4 Kd6 48. Bf3 Nd3 49. Nc4+ Kc5 50. Nd2 Kb4 51. d6 Bc8 52. Bc6 Ne5 53. Be8 Ra6 54. Ne4 Bf5 55. Re1 Nd3 56. Re2 Nxb2 57. d7 Bxd7 58. Bxd7 Nc4 59. Nf2 Kc3 60. Bb5 Ra2 61. Bxc4 Kxc4 62. Re4+ Kc3 63. Re7 Ra3 64. Kf4 Ra4+ 65. Kg3 b2 66. Nd1+ Kc2 67. Nxb2 Kxb2 68. Rxf7 Ra3+ 69. Rf3 Ra4 70. Rf4 Ra3+ 71. Kg4 Kc3 72. Rf3+ 1-0

[Event "FIDE WRBTC Blitz-Pool 2024"]
[Site "Astana"]
[Date "2024.08.05"]
[Round "3.7"]
[White "Khusnutdinov, Rustam"]
[Black "Isanzhulov, Arystan"]
[Result "1/2-1/2"]
[WhiteElo "2429"]
[BlackElo "2401"]
[Annotator "ChessBase"]
[PlyCount "78"]
[EventDate "2024.08.01"]
[EventType "team-tourn"]
[EventCountry "KAZ"]
[SourceTitle "playchess.com"]
[Source "ChessBase"]
[SourceQuality "1"]

1. e4 e5 2. Nf3 Nf6 3. Nxe5 d6 4. Nf3 Nxe4 5. Qe2 Qe7 6. Nc3 Nf6 7. d4 Qxe2+ 8. Bxe2 Be7 9. Bg5 h6 10. Bh4 O-O 11. O-O-O c6 12. Rhe1 d5 13. Bd3 Bd8 14. Ne5 Nbd7 15. f3 Nxe5 16. dxe5 Nd7 17. Bxd8 Rxd8 18. f4 Nc5 19. b4 Nxd3+ 20. cxd3 a5 21. a3 axb4 22. axb4 d4 23. Ne4 Bg4 24. Kb2 Bxd1 25. Rxd1 Ra4 26. Kb3 Rda8 27. Kc4 b6 28. g3 c5 29. Rb1 cxb4 30. Kxd4 Ra2 31. Rxb4 Rxh2 32. Rxb6 Rg2 33. Ke3 h5 34. Kf3 Rc2 35. Ng5 Rd8 36. Rb3 Rd2 37. Ke3 Rg2 38. Kf3 Rd2 39. Ke3 Rg2 1/2-1/2

[Event "FIDE WRBTC Blitz-Pool 2024"]
[Site "Astana"]
[Date "2024.08.05"]
[Round "3.7"]
[White "Saduakassov, Duman"]
[Black "Malyi, Viacheslav"]
[Result "1-0"]
[WhiteElo "1842"]
[BlackElo "2391"]
[Annotator "ChessBase"]
[PlyCount "110"]
[EventDate "2024.08.01"]
[EventType "team-tourn"]
[EventCountry "KAZ"]
[SourceTitle "playchess.com"]
[Source "ChessBase"]
[SourceQuality "1"]

1. d4 Nf6 2. Nc3 d5 3. Bf4 a6 4. e3 e6 5. g4 c5 6. g5 Nfd7 7. Qg4 Nc6 8. Qg3 Qb6 9. O-O-O Qa7 10. Bg2 b5 11. Bxd5 exd5 12. Nxd5 Be7 13. Nc7+ Kf8 14. Nxa8 Qxa8 15. Ne2 Bb7 16. dxc5 Nxc5 17. Bd6 Ne4 18. Bxe7+ Nxe7 19. Qc7 Nc6 20. Rd7 Nxg5 21. h4 Ne6 22. Rxf7+ Kg8 23. Qxb7 Qxb7 24. Rxb7 h5 25. Rd1 Rh6 26. Rd6 Ncd8 27. Rb8 Kf7 28. Rbxd8 Nxd8 29. Rxd8 Rg6 30. Rd4 Rg2 31. Rf4+ Ke6 32. Nd4+ Ke5 33. Kd2 g6 34. Ke2 a5 35. Nc6+ Kd5 36. Nxa5 Rg1 37. Rd4+ Kc5 38. Nb3+ Kb6 39. Rd6+ Kb7 40. Rd2 g5 41. hxg5 h4 42. Rd4 h3 43. Rh4 Rh1 44. g6 h2 45. g7 Rg1 46. Rxh2 Rxg7 47. Rh6 Re7 48. Nd4 Rg7 49. Nxb5 Kb8 50. Nd4 Kb7 51. e4 Ka7 52. e5 Rg1 53. e6 Kb6 54. e7+ Kc5 55. e8=Q Kd5 1-0

[Event "FIDE WRBTC Blitz-Pool 2024"]
[Site "Astana"]
[Date "2024.08.05"]
[Round "3.7"]
[White "Primbetov, Nurassyl"]
[Black "Tin, Jingyao"]
[Result "0-1"]
[WhiteElo "1784"]
[BlackElo "2575"]
[Annotator "ChessBase"]
[PlyCount "156"]
[EventDate "2024.08.01"]
[EventType "team-tourn"]
[EventCountry "KAZ"]
[SourceTitle "playchess.com"]
[Source "ChessBase"]
[SourceQuality "1"]

1. e4 e5 2. Nf3 Nc6 3. Bc4 Nf6 4. d4 exd4 5. O-O Nxe4 6. Re1 d5 7. Bxd5 Qxd5 8. Nc3 Qd7 9. Rxe4+ Be7 10. Nxd4 Nxd4 11. Rxd4 Qf5 12. Nd5 Bd6 13. Bf4 Bxf4 14. Rxf4 Qd7 15. Qe2+ Kf8 16. Rd1 g5 17. Re4 Kg7 18. Nb6 axb6 19. Rxd7 Bxd7 20. Qd2 Be6 21. Qc3+ Kg6 22. a3 Rhd8 23. h3 c6 24. Qe3 Rd1+ 25. Kh2 Rad8 26. Re5 h6 27. f4 R1d5 28. fxg5 Rxe5 29. Qxe5 hxg5 30. Qe4+ Kg7 31. Qe3 Kg6 32. a4 Rd5 33. b4 b5 34. axb5 Rxb5 35. c3 Rd5 36. c4 Rd7 37. b5 cxb5 38. cxb5 Rd5 39. Qe4+ Kg7 40. b6 Rd7 41. Qe5+ Kg6 42. Qe4+ Kg7 43. Qe3 Kg6 44. g3 Rd5 45. g4 Rd7 46. Qe4+ Kg7 47. Qc2 Rd5 48. Kg3 Rd7 49. h4 gxh4+ 50. Kxh4 Rd5 51. Qc7 Rd7 52. Qe5+ Kg6 53. Qe4+ Kg7 54. g5 Kg8 55. g6 Kg7 56. gxf7 Kxf7 57. Kg3 Ke7 58. Qe5 Kf7 59. Kf4 Ke7 60. Qc5+ Kf7 61. Qh5+ Ke7 62. Qh7+ Kd6 63. Qe4 Rf7+ 64. Kg3 Bd5 65. Qd4 Kc6 66. Qc3+ Kxb6 67. Qb4+ Kc6 68. Qc3+ Kd7 69. Qc5 Bc6 70. Qd4+ Kc8 71. Qh8+ Kc7 72. Qe5+ Kd7 73. Qh5 Re7 74. Qf5+ Kc7 75. Qf6 Re3+ 76. Kh2 Re2+ 77. Kg3 Re4 78. Kf2 Kb6 0-1

[Event "FIDE WRBTC Blitz-Pool 2024"]
[Site "Astana"]
[Date "2024.08.05"]
[Round "3.8"]
[White "Jumabayev, Rinat"]
[Black "Tulegenov, Amir"]
[Result "1-0"]
[WhiteElo "2577"]
[BlackElo "1858"]
[Annotator "ChessBase"]
[PlyCount "119"]
[EventDate "2024.08.01"]
[EventType "team-tourn"]
[EventCountry "KAZ"]
[SourceTitle "playchess.com"]
[Source "ChessBase"]
[SourceQuality "1"]

1. Nf3 Nf6 2. g3 g6 3. c4 Bg7 4. Bg2 O-O 5. O-O d5 6. cxd5 Nxd5 7. d4 Nb6 8. Nc3 Nc6 9. d5 Bxc3 10. dxc6 Bg7 11. Bf4 bxc6 12. Qxd8 Rxd8 13. Bxc7 Rd7 14. Be5 Ba6 15. Rfe1 Rc8 16. Bxg7 Kxg7 17. Rac1 c5 18. Rc2 c4 19. Bh3 e6 20. Bf1 Rcd8 21. Rcc1 Na4 22. Ne5 Rd2 23. Nxc4 Bxc4 24. Rxc4 Nxb2 25. Rc7 R8d7 26. Rec1 a5 27. Rxd7 Rxd7 28. Rc2 Na4 29. f4 Rd1 30. Kf2 Ra1 31. Bg2 Nb6 32. Bc6 Rb1 33. Ke3 a4 34. Kd4 a3 35. Kc3 Kf6 36. Rd2 Ke7 37. Rc2 Kd6 38. Be4 f5 39. Bd3 Nd5+ 40. Kd4 Nb4 41. Rd2 Rb2 42. Rxb2 axb2 43. Bb1 h6 44. Kc3 Kc5 45. Kxb2 Kd4 46. Kb3 Nc6 47. Bd3 e5 48. Bb5 Na7 49. Be8 g5 50. fxg5 hxg5 51. h4 gxh4 52. gxh4 e4 53. h5 Ke5 54. Kc4 f4 55. a4 Kf5 56. Kd4 Nc8 57. a5 Nd6 58. Bc6 Kg5 59. a6 Nc8 60. Kxe4 1-0

[Event "FIDE WRBTC Blitz-Pool 2024"]
[Site "Astana"]
[Date "2024.08.05"]
[Round "3.8"]
[White "Sapenov, Daniyal"]
[Black "Gubaydulin, Talgat"]
[Result "1/2-1/2"]
[WhiteElo "2311"]
[BlackElo "2385"]
[Annotator "ChessBase"]
[PlyCount "59"]
[EventDate "2024.08.01"]
[EventType "team-tourn"]
[EventCountry "KAZ"]
[SourceTitle "playchess.com"]
[Source "ChessBase"]
[SourceQuality "1"]

1. e4 c5 2. Nf3 e6 3. d4 cxd4 4. Nxd4 Nf6 5. Nc3 Nc6 6. a3 Be7 7. Nxc6 bxc6 8. e5 Nd5 9. Qg4 O-O 10. Bh6 g6 11. Bxf8 Bxf8 12. Qg3 Qb6 13. Nxd5 cxd5 14. Bd3 Qxb2 15. O-O Qd4 16. Rab1 Qc5 17. h4 d6 18. h5 dxe5 19. Qxe5 Qxa3 20. Qg3 Qd6 21. Qxd6 Bxd6 22. hxg6 hxg6 23. c4 Ba6 24. Rfd1 dxc4 25. Bxc4 Bxc4 26. Rxd6 a5 27. Rdb6 a4 28. Rb8+ Rxb8 29. Rxb8+ Kg7 30. Ra8 1/2-1/2

[Event "FIDE WRBTC Blitz-Pool 2024"]
[Site "Astana"]
[Date "2024.08.05"]
[Round "3.8"]
[White "Altynbekuly, Madiyar"]
[Black "Serikgali Daulet"]
[Result "1/2-1/2"]
[WhiteElo "2114"]
[BlackElo "1571"]
[Annotator "ChessBase"]
[PlyCount "157"]
[EventDate "2024.08.01"]
[EventType "team-tourn"]
[EventCountry "KAZ"]
[SourceTitle "playchess.com"]
[Source "ChessBase"]
[SourceQuality "1"]

1. f4 Nf6 2. Nf3 d5 3. e3 c5 4. Bb5+ Nc6 5. Bxc6+ bxc6 6. b3 e6 7. Bb2 Be7 8. O-O O-O 9. d3 a5 10. a4 c4 11. Ne5 cxb3 12. Nxc6 bxc2 13. Qxc2 Qc7 14. Nxe7+ Qxe7 15. Ba3 Qa7 16. Bxf8 Qxe3+ 17. Qf2 Qxf2+ 18. Rxf2 Kxf8 19. Nc3 Ba6 20. Rd2 Rc8 21. Nb5 Nd7 22. d4 Nb6 23. Rf2 g6 24. g4 Rc4 25. f5 Ke7 26. fxe6 fxe6 27. Re1 Rxa4 28. Nc7 Bc8 29. Rfe2 Rxd4 30. Nxe6 Rxg4+ 31. Kf2 Kd6 32. h3 Rb4 33. Ng5 a4 34. Nf7+ Kc5 35. Ne5 Rb3 36. Re3 Rb2+ 37. Kg3 Nc4 38. Nd3+ Kd4 39. Nxb2 Nxb2 40. Re8 Bf5 41. Rb8 Nd3 42. Ra1 Nc5 43. Ra8 Kc4 44. Ra5 d4 45. Kf4 Kb4 46. Rxc5 Kxc5 47. Rxa4 d3 48. Ke3 Bxh3 49. Rh4 Bf5 50. Rxh7 Kc4 51. Rc7+ Kd5 52. Ra7 Ke5 53. Ra5+ Ke6 54. Ra6+ Kd5 55. Rf6 Kc4 56. Rc6+ Kb3 57. Kd2 Kb4 58. Rb6+ Kc4 59. Ra6 Kd4 60. Ra5 Kc4 61. Ra4+ Kb3 62. Rd4 Kb2 63. Rb4+ Ka3 64. Rb5 Ka4 65. Rb1 Ka5 66. Rg1 Kb4 67. Rb1+ Kc4 68. Rc1+ Kd4 69. Rc7 Ke4 70. Re7+ Kf4 71. Re1 g5 72. Rf1+ Ke4 73. Re1+ Kf4 74. Rf1+ Kg4 75. Rg1+ Kh5 76. Rh1+ Kg6 77. Rg1 g4 78. Rxg4+ Bxg4 79. Kxd3 1/2-1/2

[Event "FIDE WRBTC Blitz-Pool 2024"]
[Site "Astana"]
[Date "2024.08.05"]
[Round "3.9"]
[White "Rodionov, Adil"]
[Black "Mamedov, Edgar"]
[Result "0-1"]
[WhiteElo "2353"]
[BlackElo "2443"]
[Annotator "ChessBase"]
[PlyCount "66"]
[EventDate "2024.08.01"]
[EventType "team-tourn"]
[EventCountry "KAZ"]
[SourceTitle "playchess.com"]
[Source "ChessBase"]
[SourceQuality "1"]

1. e4 c5 2. Nf3 Nc6 3. Nc3 e5 4. Bc4 Be7 5. d3 d6 6. h3 Nf6 7. a3 O-O 8. O-O a6 9. Nd5 b5 10. Bb3 Bb7 11. c3 Nb8 12. Nxe7+ Qxe7 13. Bg5 h6 14. Bh4 Nbd7 15. Nd2 Qe8 16. a4 d5 17. exd5 Bxd5 18. Bxd5 Nxd5 19. Qf3 Qe6 20. Rfe1 Rab8 21. axb5 axb5 22. Ra7 b4 23. cxb4 Nxb4 24. Nc4 Nc2 25. Rea1 Nxa1 26. Rxa1 Nb6 27. Ra6 e4 28. Qd1 exd3 29. Nxb6 Rxb6 30. Rxb6 Qxb6 31. Qxd3 Qxb2 32. Qd5 Qd4 33. Qc6 Qxh4 0-1

[Event "FIDE WRBTC Blitz-Pool 2024"]
[Site "Astana"]
[Date "2024.08.05"]
[Round "3.9"]
[White "Omarbek, Adlet"]
[Black "Siddharth, Jagadeesh"]
[Result "0-1"]
[WhiteElo "1713"]
[BlackElo "2516"]
[Annotator "ChessBase"]
[PlyCount "70"]
[EventDate "2024.08.01"]
[EventType "team-tourn"]
[EventCountry "KAZ"]
[SourceTitle "playchess.com"]
[Source "ChessBase"]
[SourceQuality "1"]

1. e4 c6 2. d4 d5 3. exd5 cxd5 4. c4 Nf6 5. Nc3 Nc6 6. Nf3 a6 7. cxd5 Nxd5 8. Bc4 Be6 9. Qe2 Nxc3 10. bxc3 Bxc4 11. Qxc4 e6 12. O-O Bd6 13. a4 O-O 14. Rb1 Rc8 15. Qd3 Qc7 16. Bd2 Na5 17. h3 Qc4 18. Qxc4 Rxc4 19. Rfc1 Rxa4 20. Be1 Rc8 21. Nd2 b5 22. Ra1 f5 23. Rxa4 bxa4 24. Ra1 a3 25. Nb1 Nc4 26. Kf1 Rb8 27. Ke2 a2 28. Nd2 Rb2 29. Kd3 Na3 30. Nc4 Nc2 31. Rc1 Nxe1+ 32. Rxe1 Rb1 33. Rxe6 a1=Q 34. Nxd6 Rd1+ 35. Kc2 Qb1# 0-1

[Event "FIDE WRBTC Blitz-Pool 2024"]
[Site "Astana"]
[Date "2024.08.05"]
[Round "3.9"]
[White "Kalikhan, Abilmansur"]
[Black "Kozhabekov, Adilkhan"]
[Result "1-0"]
[WhiteElo "1670"]
[BlackElo "1855"]
[Annotator "NA"]
[PlyCount "81"]
[EventDate "2024.08.01"]
[EventType "team-tourn"]
[EventCountry "KAZ"]
[SourceTitle "playchess.com"]
[Source "ChessBase"]
[SourceQuality "1"]

1. d4 d5 2. Bf4 Nf6 3. e3 c5 4. Nf3 Nc6 5. Nbd2 g6 6. dxc5 Bg7 7. c3 Nd7 8. Nb3 e5 9. Bg3 e4 10. Nfd4 O-O 11. Bb5 Nde5 12. h3 Bd7 13. Be2 f5 14. Nxc6 Bxc6 15. Nd4 g5 16. Ne6 Qf6 17. Nxg7 Kxg7 18. Bxe5 Qxe5 19. Qd4 Rae8 20. O-O f4 21. Bh5 Re6 22. b4 Kh6 23. Bg4 Re7 24. a4 a6 25. Qxe5 Rxe5 26. Rfb1 fxe3 27. fxe3 Re7 28. b5 axb5 29. axb5 Be8 30. Ra7 Ref7 31. Be6 Re7 32. Bxd5 Re5 33. c4 Ref5 34. Rxb7 Rf2 35. Bxe4 Bg6 36. Bxg6 Kxg6 37. c6 Rc2 38. Rf1 Re8 39. Rbf7 Rxc4 40. R1f6+ Kh5 41. Rxh7# 1-0

[Event "FIDE WRBTC Blitz-Pool 2024"]
[Site "Astana"]
[Date "2024.08.05"]
[Round "3.10"]
[White "Wong, Zhenyong Jayden"]
[Black "Shakhman, Asanali"]
[Result "1-0"]
[WhiteElo "2397"]
[BlackElo "1537"]
[Annotator "ChessBase"]
[PlyCount "91"]
[EventDate "2024.08.01"]
[EventType "team-tourn"]
[EventCountry "KAZ"]
[SourceTitle "playchess.com"]
[Source "ChessBase"]
[SourceQuality "1"]

1. Nf3 d5 2. g3 Nf6 3. Bg2 Bf5 4. c4 e6 5. O-O c6 6. d3 Be7 7. cxd5 cxd5 8. Qb3 Qb6 9. Qxb6 axb6 10. Nc3 Nc6 11. Bd2 O-O 12. Rfc1 Rfc8 13. Nb5 e5 14. Kf1 Kf8 15. Be3 Ra6 16. a3 Ke8 17. b4 Kd7 18. Bg5 Rca8 19. Rab1 h6 20. Bxf6 Bxf6 21. Nc3 Rxa3 22. Nxd5 Bd8 23. b5 Nd4 24. Nxe5+ Ke6 25. Nc4 Ra2 26. Nf4+ Ke7 27. Bxb7 Rb8 28. Be4 Bg4 29. f3 Be6 30. e3 Nf5 31. Nxe6 fxe6 32. Bxf5 exf5 33. Ne5 Rba8 34. Nc6+ Kf6 35. Nxd8 Rxd8 36. d4 Rxh2 37. Kg1 Re2 38. Re1 Ra2 39. Ra1 Rb2 40. Rab1 Ra2 41. Kf1 Rc8 42. Re2 Rcc2 43. Rxc2 Rxc2 44. Rd1 Rb2 45. d5 Rxb5 46. d6 1-0

[Event "FIDE WRBTC Blitz-Pool 2024"]
[Site "Astana"]
[Date "2024.08.05"]
[Round "3.10"]
[White "Balabayeva, Xeniya"]
[Black "Kovanova, Mariya"]
[Result "1-0"]
[WhiteElo "2335"]
[BlackElo "2118"]
[Annotator "ChessBase"]
[PlyCount "101"]
[EventDate "2024.08.01"]
[EventType "team-tourn"]
[EventCountry "KAZ"]
[SourceTitle "playchess.com"]
[Source "ChessBase"]
[SourceQuality "1"]

1. e4 d5 2. exd5 Qxd5 3. d4 Nf6 4. Nf3 Bf5 5. c4 Qd7 6. Nc3 e6 7. a3 Nc6 8. h3 Be7 9. Be3 O-O 10. Bd3 Bxd3 11. Qxd3 Rad8 12. O-O Rfe8 13. Qc2 h6 14. Rad1 Bf8 15. Ne5 Qc8 16. Nxc6 bxc6 17. b4 a5 18. bxa5 Qa6 19. Rb1 Qxa5 20. Rb3 Ra8 21. Ra1 Qh5 22. a4 Nd7 23. c5 Nf6 24. a5 Nd5 25. Nxd5 exd5 26. a6 Ra7 27. Rb7 Rea8 28. Rxa7 Rxa7 29. Qb3 Qe2 30. Qa4 Qb5 31. Qxb5 cxb5 32. Bf4 c6 33. Bb8 Ra8 34. a7 Be7 35. Ra6 Bf6 36. Rxc6 Bxd4 37. Rc8+ Kh7 38. Kf1 b4 39. Rc6 b3 40. Rb6 b2 41. Ke2 Bxc5 42. Rxb2 d4 43. Ra2 Kg6 44. Kd3 Kf6 45. Kc4 Bb6 46. Kb5 Bd8 47. Kc6 Ke6 48. Kb7 Rxa7+ 49. Bxa7 Kd5 50. Bxd4 Kxd4 51. Rd2+ 1-0

[Event "FIDE WRBTC Blitz-Pool 2024"]
[Site "Astana"]
[Date "2024.08.05"]
[Round "3.10"]
[White "Magzumov, Damirali"]
[Black "Almazuly, Azamat"]
[Result "1-0"]
[WhiteElo "1756"]
[BlackElo "1720"]
[Annotator "NA"]
[PlyCount "123"]
[EventDate "2024.08.01"]
[EventType "team-tourn"]
[EventCountry "KAZ"]
[SourceTitle "playchess.com"]
[Source "ChessBase"]
[SourceQuality "1"]

1. e4 c5 2. Nf3 Nc6 3. d4 cxd4 4. Nxd4 g6 5. c4 Nf6 6. Nc3 Bg7 7. Be3 O-O 8. Be2 d6 9. O-O Nxd4 10. Bxd4 Qa5 11. a3 Be6 12. f3 Rfc8 13. Nd5 Bxd5 14. exd5 Nd7 15. Bxg7 Kxg7 16. Qd4+ Kg8 17. f4 Qb6 18. Qxb6 Nxb6 19. Rac1 a5 20. Rc3 a4 21. Rfc1 Nd7 22. Bg4 f5 23. Bf3 Nc5 24. Re3 Kf7 25. g4 Rc7 26. gxf5 gxf5 27. Kf2 Rg8 28. Rg1 Rcc8 29. Bh5+ Kf6 30. Rxg8 Rxg8 31. Bf3 h6 32. Ke2 b6 33. Kf2 Rb8 34. Bh5 b5 35. cxb5 Rxb5 36. Re2 Rb3 37. Bf3 Nd3+ 38. Kg3 Nxb2 39. Re6+ Kf7 40. Rxh6 Nc4 41. Kg2 Ne3+ 42. Kf2 Nc4 43. Rh7+ Ke8 44. h4 Rxa3 45. h5 Ra2+ 46. Be2 Nd2 47. h6 Ne4+ 48. Ke3 Ra3+ 49. Kd4 Rh3 50. Rh8+ Kd7 51. h7 Nf6 52. Ra8 a3 53. Ra7+ Ke8 54. Ra8+ Kf7 55. h8=Q Rxh8 56. Rxh8 a2 57. Ra8 Ne4 58. Rxa2 Ng3 59. Bd3 Kf6 60. Rg2 Nh5 61. Ke3 Ng7 62. Rxg7 1-0

[Event "FIDE WRBTC Blitz-Pool 2024"]
[Site "Astana"]
[Date "2024.08.05"]
[Round "3.11"]
[White "Primbetov, Kazbek"]
[Black "Nurgaliyev, Sauat"]
[Result "1-0"]
[WhiteElo "2059"]
[BlackElo "2380"]
[Annotator "ChessBase"]
[PlyCount "85"]
[EventDate "2024.08.01"]
[EventType "team-tourn"]
[EventCountry "KAZ"]
[SourceTitle "playchess.com"]
[Source "ChessBase"]
[SourceQuality "1"]

1. d4 Nf6 2. c4 g6 3. Nc3 d5 4. cxd5 Nxd5 5. e4 Nxc3 6. bxc3 Bg7 7. Be3 c5 8. Qd2 O-O 9. h4 cxd4 10. cxd4 Nc6 11. Rd1 Qa5 12. Qxa5 Nxa5 13. h5 Rd8 14. h6 Bh8 15. Nf3 Bg4 16. Be2 Rac8 17. O-O Rc2 18. Bd3 Rxa2 19. d5 b6 20. Bg5 Bf6 21. Bxf6 exf6 22. Rc1 Nb3 23. Rc7 Nc5 24. Bb1 Rb2 25. Nd4 Re8 26. f3 Bd7 27. Rxa7 Rb4 28. Nc6 Bxc6 29. dxc6 Ne6 30. Rd1 Rc4 31. Ba2 Rxc6 32. Rdd7 Rf8 33. Re7 Ng5 34. f4 Ne6 35. g3 Rc1+ 36. Kg2 Rc2+ 37. Kh3 Rc6 38. Bd5 Rd6 39. Rab7 Nc5 40. Bxf7+ Rxf7 41. Rb8+ Rf8 42. Rg7+ Kh8 43. Rxf8# 1-0

[Event "FIDE WRBTC Blitz-Pool 2024"]
[Site "Astana"]
[Date "2024.08.05"]
[Round "3.11"]
[White "Kiribayeva, Togzhan"]
[Black "Amangeldinov, Alkey"]
[Result "1-0"]
[WhiteElo "1544"]
[BlackElo "1721"]
[Annotator "NA"]
[PlyCount "117"]
[EventDate "2024.08.01"]
[EventType "team-tourn"]
[EventCountry "KAZ"]
[SourceTitle "playchess.com"]
[Source "ChessBase"]
[SourceQuality "1"]

1. e4 c6 2. d3 d5 3. Nd2 e5 4. g3 Bd6 5. Ngf3 Nf6 6. Bg2 O-O 7. O-O Nbd7 8. Re1 dxe4 9. dxe4 Re8 10. Nc4 Bc7 11. Bg5 Qe7 12. c3 b5 13. Ncd2 a5 14. Be3 Ba6 15. Qc2 Bb6 16. Nf1 Rad8 17. Bxb6 Nxb6 18. Ne3 g6 19. Rad1 Bb7 20. Nd2 Rd7 21. c4 b4 22. c5 Na8 23. Ndc4 Rxd1 24. Rxd1 Nc7 25. Nxa5 Ba8 26. Qc4 Rd8 27. Rxd8+ Qxd8 28. Qxb4 Ne6 29. Nac4 Qd4 30. Qb8+ Qd8 31. Qxd8+ Nxd8 32. Nxe5 Ne6 33. b4 Nd4 34. Kf1 Bb7 35. Ke1 Kf8 36. Kd2 Ke7 37. Kc3 Ne6 38. N3c4 Nh5 39. Nd6 Ba8 40. Ndxf7 Kf6 41. f4 Nc7 42. Nd8 Nb5+ 43. Kc4 Na7 44. Bf3 Ng7 45. Ndf7 g5 46. Nd6 gxf4 47. gxf4 Ne6 48. Ng4+ Ke7 49. f5 Ng5 50. Bg2 Nf7 51. Nxf7 Kxf7 52. e5 Nc8 53. a4 Ne7 54. f6 Nf5 55. b5 h5 56. Bxc6 Bxc6 57. bxc6 Ke6 58. Nf2 Kxe5 59. c7 1-0

[Event "FIDE WRBTC Blitz-Pool 2024"]
[Site "Astana"]
[Date "2024.08.05"]
[Round "3.11"]
[White "Zhankarayeva, Zhansaya"]
[Black "Gong, Qianyun"]
[Result "0-1"]
[WhiteElo "1402"]
[BlackElo "2250"]
[Annotator "ChessBase"]
[PlyCount "72"]
[EventDate "2024.08.01"]
[EventType "team-tourn"]
[EventCountry "KAZ"]
[SourceTitle "playchess.com"]
[Source "ChessBase"]
[SourceQuality "1"]

1. e4 c6 2. d4 d5 3. Nc3 dxe4 4. Nxe4 Nf6 5. Nxf6+ exf6 6. Nf3 Bd6 7. Be2 O-O 8. O-O Be6 9. Be3 Qc7 10. h3 Nd7 11. c4 Rad8 12. Rc1 Qb8 13. a3 Rfe8 14. Bd3 Nf8 15. Qc2 Ng6 16. Rcd1 Qc8 17. Rfe1 Bxh3 18. Bxg6 hxg6 19. c5 Qg4 20. Kf1 Bxg2+ 21. Ke2 Bxf3+ 22. Kd2 Bxd1 23. Rxd1 Bf4 24. Bxf4 Qxf4+ 25. Kc3 b6 26. b4 bxc5 27. bxc5 Rb8 28. Rd3 Qf5 29. a4 Qd5 30. Kd2 Re4 31. Rh3 Rxd4+ 32. Ke1 Re8+ 33. Re3 Rxe3+ 34. fxe3 Rh4 35. Ke2 Rh2+ 36. Ke1 Qh1# 0-1

[Event "FIDE WRBTC Blitz-Pool 2024"]
[Site "Astana"]
[Date "2024.08.05"]
[Round "3.12"]
[White "Fedorov, Grigory"]
[Black "Baigaliyev, Azamat"]
[Result "1-0"]
[WhiteElo "1904"]
[BlackElo "1400"]
[Annotator "ChessBase"]
[PlyCount "45"]
[EventDate "2024.08.01"]
[EventType "team-tourn"]
[EventCountry "KAZ"]
[SourceTitle "playchess.com"]
[Source "ChessBase"]
[SourceQuality "1"]

1. e4 c5 2. Nc3 d6 3. d4 cxd4 4. Qxd4 Nc6 5. Qd2 Nf6 6. b3 g6 7. Bb2 Bg7 8. O-O-O O-O 9. f3 Qa5 10. Kb1 Bd7 11. g4 Rac8 12. h4 Ne5 13. Nd5 Qd8 14. h5 Nxd5 15. exd5 a5 16. hxg6 hxg6 17. a4 f5 18. Qh2 fxg4 19. f4 Bf5 20. Bc4 Rxc4 21. bxc4 Qb6 22. fxe5 Bxe5 23. Qh7# 1-0

[Event "FIDE WRBTC Blitz-Pool 2024"]
[Site "Astana"]
[Date "2024.08.05"]
[Round "3.12"]
[White "Zhang, Changjie"]
[Black "Atbailar, Anuar"]
[Result "1-0"]
[WhiteElo "1809"]
[BlackElo "1456"]
[Annotator "NA"]
[PlyCount "57"]
[EventDate "2024.08.01"]
[EventType "team-tourn"]
[EventCountry "KAZ"]
[SourceTitle "playchess.com"]
[Source "ChessBase"]
[SourceQuality "1"]

1. e4 c5 2. Nc3 Nc6 3. Bb5 e6 4. Bxc6 bxc6 5. d3 d5 6. f4 d4 7. Nce2 Ne7 8. Nf3 Bb7 9. O-O g6 10. Bd2 Bg7 11. c3 O-O 12. e5 f6 13. exf6 Bxf6 14. Ng3 Ba6 15. c4 Nc8 16. Ne4 Rb8 17. Nxc5 Bb7 18. Nxe6 Qd7 19. Nxf8 Kxf8 20. Ne5 Bxe5 21. fxe5+ Ke7 22. Bg5+ Ke8 23. Qf3 Qg7 24. Qf4 Nb6 25. Bh6 Qg8 26. e6 Ke7 27. Qf6+ Kd6 28. Bf4+ Kc5 29. Qe7# 1-0

[Event "FIDE WRBTC Blitz-Pool 2024"]
[Site "Astana"]
[Date "2024.08.05"]
[Round "3.12"]
[White "Kazhiakhmetova, Yerkenaz"]
[Black "Amangaliyev, Dauletkhan"]
[Result "0-1"]
[WhiteElo "1602"]
[BlackElo "1531"]
[Annotator "NA"]
[PlyCount "56"]
[EventDate "2024.08.01"]
[EventType "team-tourn"]
[EventCountry "KAZ"]
[SourceTitle "playchess.com"]
[Source "ChessBase"]
[SourceQuality "1"]

1. d4 Nf6 2. g3 e6 3. Bg2 Be7 4. e4 d5 5. Nc3 dxe4 6. Nxe4 Nxe4 7. Bxe4 Nd7 8. Ne2 c5 9. Be3 O-O 10. O-O Bf6 11. c3 Qe7 12. Qc2 g6 13. Qb3 Rb8 14. Rad1 b6 15. Bf4 e5 16. dxe5 Nxe5 17. Qc2 Bb7 18. Bxb7 Rxb7 19. Bxe5 Qxe5 20. Rfe1 Re8 21. Qc1 Rbe7 22. Kf1 Qh5 23. h4 Rxe2 24. Rxe2 Qxe2+ 25. Kg1 Kg7 26. Rf1 Qg4 27. Kh2 Re5 28. Kg2 Bxh4 0-1

[Event "FIDE WRBTC Blitz-Pool 2024"]
[Site "Astana"]
[Date "2024.08.05"]
[Round "3.13"]
[White "Akhmedinov, Satbek"]
[Black "Orozbaev, Eldiyar"]
[Result "1/2-1/2"]
[WhiteElo "2379"]
[BlackElo "2376"]
[Annotator "ChessBase"]
[PlyCount "157"]
[EventDate "2024.08.01"]
[EventType "team-tourn"]
[EventCountry "KAZ"]
[SourceTitle "playchess.com"]
[Source "ChessBase"]
[SourceQuality "1"]

1. e4 e6 2. d4 d5 3. Nd2 Nc6 4. Ngf3 Nf6 5. e5 Nd7 6. c3 f6 7. exf6 Qxf6 8. Bd3 Bd6 9. Qc2 e5 10. dxe5 Ndxe5 11. Nxe5 Nxe5 12. Nb3 O-O 13. Be3 Nxd3+ 14. Qxd3 c6 15. O-O-O Bf5 16. Qd4 Qg6 17. Nd2 a5 18. h3 Be6 19. Ne4 Be7 20. Nc5 Bc8 21. g4 a4 22. Nd3 a3 23. b3 Bf6 24. Qc5 Bd7 25. g5 Bd8 26. Ne5 Qf5 27. Nxd7 Qxd7 28. h4 Be7 29. Qd4 Rae8 30. h5 Bd6 31. Qd3 Qf5 32. h6 g6 33. b4 Qxd3 34. Rxd3 Rf5 35. Kc2 Re4 36. Kb3 Rf3 37. Kxa3 Be7 38. Rhd1 b5 39. Kb3 Kf7 40. a4 bxa4+ 41. Kxa4 Ke6 42. Kb3 Rg4 43. b5 cxb5 44. Rxd5 b4 45. R5d4 Rxd4 46. cxd4 Bxg5 47. Kxb4 Bxe3 48. fxe3 Rxe3 49. Kc4 Rh3 50. Re1+ Kd6 51. Ra1 Rxh6 52. Ra6+ Kd7 53. Ra7+ Ke6 54. d5+ Ke5 55. Kc5 Rh1 56. Re7+ Kf6 57. d6 h5 58. Re8 Rc1+ 59. Kb5 Rd1 60. Kc6 h4 61. d7 g5 62. d8=Q+ Rxd8 63. Rxd8 Kf5 64. Kd5 Kf4 65. Kd4 h3 66. Rf8+ Kg3 67. Ke3 h2 68. Rf3+ Kg2 69. Rf2+ Kh3 70. Rf1 g4 71. Kf4 g3 72. Ra1 g2 73. Ra3+ Kh4 74. Ra8 Kh5 75. Kf5 Kh6 76. Kf6 Kh7 77. Ra7+ Kg8 78. Ra8+ Kh7 79. Ra7+ 1/2-1/2